When Harry met Sally... /

"Sex always gets in the way of friendships between men and women. At least, that's what Harry Burns believes. So when Harry meets Sally Albright and a deep friendship blossoms between them, Harry's determined not to let his attraction to Sally destroy it. But when a night of weakness...

Full description

Bibliographic Details
Main Author: Shaiman, Marc (Composer)
Corporate Authors: Metro-Goldwyn-Mayer, Castle Rock Entertainment (Firm), Nelson Entertainment (Firm), Twentieth Century Fox Home Entertainment, Inc
Other Authors: Reiner, Rob (Director, Producer), Scheinman, Andrew (Producer), Ephron, Nora (Screenwriter), Crystal, Billy (Actor), Ryan, Meg (Actor), Fisher, Carrie (Actor), Kirby, Bruno, 1949-2006 (Actor), Sonnenfeld, Barry, Connick, Harry, Jr., 1967-
Format: Video Blu-ray Disc
Language:English
French
Spanish
Language Notes:English, French, or Spanish dialogue; optional French or Spanish subtitles; English subtitles for the deaf and hard of hearing (SDH).
Subjects:

MARC

Tag First Indicator Second Indicator Subfields
LEADER 00000cgm a2200000Ia 4500
001 in00003458621
005 20151206104056.0
007 vd csaizu
008 120714s2011 cau095 g vleng d
024 1 |a 883904230410 
028 4 2 |a M125965  |b Metro Goldwyn Mayer 
035 |a (OCoLC)ocn799327842 
035 |a (OCoLC)799327842 
040 |a WIM  |c WIM  |d WIM  |d OCLCA  |d IUK  |d OCLCF  |d UtOrBLW 
041 1 |a eng  |a fre  |a spa  |j eng  |j fre  |j spa  |h eng 
049 |a TXAM 
090 |a PN1995.9.C55  |b W44 2011b 
245 0 0 |a When Harry met Sally... /  |c [presented by] Metro Goldwyn Mayer, Castle Rock Entertainment in association with Nelson Entertainment ; produced by Rob Reiner, Andrew Scheinman ; written by Nora Ephron ; directed by Rob Reiner. 
264 2 |a Beverly Hills, Calif. :  |b Distributed by Twentieth Century Fox Home Entertainment,  |c [2011] 
300 |a 1 videodisc (95 min.) :  |b sound, color ;  |c 4 3/4 in. 
336 |a two-dimensional moving image  |b tdi  |2 rdacontent 
337 |a video  |b v  |2 rdamedia 
338 |a videodisc  |b vd  |2 rdacarrier 
538 |a Blu-ray; widescreen (1.85:1), English (5.1 DTS-HD master audio), French (5.1 DTS) or Spanish (Dolby surround) 
546 |a English, French, or Spanish dialogue; optional French or Spanish subtitles; English subtitles for the deaf and hard of hearing (SDH). 
511 1 |a Billy Crystal, Meg Ryan, Carrie Fisher, Bruno Kirby. 
508 |a Director of photography, Barry Sonnenfeld ; film editor, Robert Leighton ; music adapter and arranger, Marc Shaiman ; special musical performances and arrangements, Harry Connick, Jr. ; production designer, Jane Musky. 
500 |a Videodisc release of the 1989 motion picture. 
521 8 |a MPAA rating: R. 
520 |a "Sex always gets in the way of friendships between men and women. At least, that's what Harry Burns believes. So when Harry meets Sally Albright and a deep friendship blossoms between them, Harry's determined not to let his attraction to Sally destroy it. But when a night of weakness ends in a morning of panic, can the pair avoid succumbing to Harry's fears by remaining friends and admitting they just might be the perfect match for each other?"--Container. 
500 |a Special features include: audio commentary by director Rob Reiner, writer Nora Ephron, and actor Billy Crystal; deleted scenes; original theatrical trailer; What Harry meeting Sally meant; I love New York; Stories of love; It all started like this; When Rob met Billy; Creating Harry; So, can men and women really be friends? (featurettes). Music video by Harry Connick Jr. ; How Harry met Sally documentary. 
500 |a Videorecording. 
650 0 |a Man-woman relationships  |v Drama. 
650 0 |a Friendship  |v Drama. 
650 0 |a Love  |v Drama. 
651 0 |a New York (N.Y.)  |v Drama. 
650 7 |a Friendship.  |2 fast  |0 (OCoLC)fst00935174 
650 7 |a Love.  |2 fast  |0 (OCoLC)fst01002769 
650 7 |a Man-woman relationships.  |2 fast  |0 (OCoLC)fst01007080 
651 7 |a New York (State)  |z New York.  |2 fast  |0 (OCoLC)fst01204333 
655 7 |a Romantic comedy films.  |2 lcgft 
655 7 |a Fiction films.  |2 lcgft 
655 7 |a Feature films.  |2 lcgft 
655 7 |a Video recordings for the hearing impaired.  |2 lcgft 
655 7 |a Drama.  |2 fast  |0 (OCoLC)fst01423879 
700 1 |a Reiner, Rob,  |e director,  |e producer. 
700 1 |a Scheinman, Andrew,  |e producer. 
700 1 |a Ephron, Nora,  |e screenwriter. 
700 1 |a Crystal, Billy,  |e actor. 
700 1 |a Ryan, Meg,  |e actor. 
700 1 |a Fisher, Carrie,  |e actor. 
700 1 |a Kirby, Bruno,  |d 1949-2006,  |e actor. 
700 1 |a Shaiman, Marc,  |e composer. 
700 1 |a Sonnenfeld, Barry. 
700 1 |a Connick, Harry,  |c Jr.,  |d 1967- 
710 2 |a Metro-Goldwyn-Mayer. 
710 2 |a Castle Rock Entertainment (Firm) 
710 2 |a Nelson Entertainment (Firm) 
710 2 |a Twentieth Century Fox Home Entertainment, Inc. 
994 |a C0  |b TXA 
948 |a cataloged  |b h  |c 2014/9/2  |d c  |e blrosas  |f 1:39:13 pm 
999 |a MARS 
999 f f |s 01f9d09f-9848-3c93-bf11-9037ac095cd0  |i 49d4e94f-352e-3945-9e11-372646acc0e3  |t 0 
952 f f |p bluray  |a Texas A&M University  |b College Station  |c Sterling C. Evans Library  |d Evans: Media and Reserves (Annex 1st floor)  |t 0  |e PN1995.9.C55 W44 2011b  |h Library of Congress classification  |i video -- videodisc  |m A14842742562 
998 f f |a PN1995.9.C55 W44 2011b  |t 0  |l Evans: Media and Reserves (Annex 1st floor)